Catálogo

EL CONCEPTO DE TIPO PENAL EN MEXICO : (Registro nro. 30495)

Detalles MARC
000 -LEADER
fixed length control field 01162nam a2200205 a 4500
001 - CONTROL NUMBER
control field 30495
005 - DATE AND TIME OF LATEST TRANSACTION
control field 20180713233722.0
008 - FIXED-LENGTH DATA ELEMENTS--GENERAL INFORMATION
fixed length control field 140415s2003 000 0 spa d
020 ## - INTERNATIONAL STANDARD BOOK NUMBER
International Standard Book Number 9700739724
041 ## - LANGUAGE CODE
Language code of text/sound track or separate title spa
082 ## - DEWEY DECIMAL CLASSIFICATION NUMBER
Classification number 345
Item number LUN
100 1# - MAIN ENTRY--PERSONAL NAME
Personal name NIEVE LUNA CASTRO, JOSE
245 13 - TITLE STATEMENT
Title EL CONCEPTO DE TIPO PENAL EN MEXICO :
Remainder of title UN ESTUDIO ACTUAL SOBRE LAS REPERCUSIONES DE SU APLICACION EN LA LEGISLACION ANCIONAL.
250 ## - EDITION STATEMENT
Edition statement 3ª EDICIÓN
260 ## - PUBLICATION, DISTRIBUTION, ETC.
Place of publication, distribution, etc. [s.l.] :
Name of publisher, distributor, etc. PORRUA,
Date of publication, distribution, etc. 2003
300 ## - PHYSICAL DESCRIPTION
Extent 290
Dimensions 14.05 x 2.05 x 21.05
500 ## - GENERAL NOTE
General note EL LIBRO CONTIENE REFERENCIAS BIBLIOGRAFICAS
520 ## - SUMMARY, ETC.
Summary, etc. SE TRATA DE UN LIBRO EN EL QUE CONURREN DOS ASPECTOS FUNDAMENTALES: LA EXPOSICION DE LAS PRINCIPALES CORRIENTES DEL PENSAMIENTO EN TORNO AL CONCEPTO DE TIPO PENAL Y SU EVOLUCION EN EL AMBITO DE LA TEORIA DEL DELITO, Y LA APORTACION DE LOS RESULTADOS DE UNA INVESTIGACION SERIA SOBRE LOS EFECTOS DE LA APLICACION DE DICHO CONCEPTO EN LA LEGISLACION MEXICANA, A PARTIR DE DIVERSAS REFORMAS CONSTITUCIONALES Y LEGALES QUE VAN DEL CUERPO DEL DELITO AL TIPO PENAL Y VICEVERSA; ASI MISMO CONTIENE
700 1# - ADDED ENTRY--PERSONAL NAME
Personal name DR. PIÑERO MARQUEZ, RAFAEL.
Relator term pról.
Existencias
Withdrawn status Lost status Source of classification or shelving scheme Damaged status Not for loan Collection code Home library Current library Shelving location Date acquired Source of acquisition Total Checkouts Full call number Barcode Date last seen Date last checked out Price effective from Koha item type
    Dewey Decimal Classification     General Tehuacán Tehuacán Sala general 03/12/2013 Compra 1 345 LUN 504992 08/01/2025 21/08/2023 03/12/2013 Libro